Aktuálne 3D technológie v multimédiách a masmédiách bakalárska práca

Guardado en:
Detalles Bibliográficos
Autor principal: Janiga, Jakub
Autor Corporativo: Fakulta hospodárskej informatiky EU. Katedra aplikovanej informatiky
Otros Autores: Schmidt, Peter, 1968-
Formato: Libro
Lenguaje:eslovaco
Publicado: Bratislava 2018
Etiquetas: Agregar Etiqueta
Sin Etiquetas, Sea el primero en etiquetar este registro!

MARC

LEADER 00000nbm a2200000 4500
001 0245262
005 20181015110236.2
041 0 |a slo 
044 |a SK 
245 1 0 |a Aktuálne 3D technológie v multimédiách a masmédiách  |b bakalárska práca  |c Jakub Janiga ; školiteľ: Peter Schmidt 
264 1 |a Bratislava  |c 2018 
300 |a 84 s. 
100 1 |a Janiga, Jakub 
700 1 |a Schmidt, Peter, 1968- 
710 2 |a Fakulta hospodárskej informatiky EU. Katedra aplikovanej informatiky